00411nam a2200145Ia 4500008004100000041000900041082001700050100001400067245001900081260003800100300000800138650000800146999001700154952009400171230718s9999 xx 000 0 und d aEng. a36804bCHI-C aChin Paul 0aClaims against aPakistanbSweet as May wellc2002 a300 aLaw c26600d26600 00104070aSIRC-LbSIRC-Ld2023-07-18l0o36804 CHI-Cp21552r2023-07-18w2023-07-18yBK